000
00327nam a2200145Ia 4500
003
OSt
005
20231218072439.0
008
170524s9999 xx 000 0 und d
020
_a
9788184110975
040
_c
IIMT UNIVERSITY
100
_a
RAJSEKAR- T
245
0
_a
NEWS COVERAGE
260
_b
N DELHI SONALI
942
_2
ddc
_c
01
999
_c
9303
_d
9303